Sustainable community infrastructure (Record no. 110472)
[ view plain ]
| 000 -LEADER | |
|---|---|
| fixed length control field | 01170cam a22002055a 4500 |
| 001 - CONTROL NUMBER | |
| control field | L149373 |
| 008 - FIXED-LENGTH DATA ELEMENTS--GENERAL INFORMATION | |
| fixed length control field | 100225e20100218xxk f 000 0 eng d |
| 035 ## - SYSTEM CONTROL NUMBER | |
| System control number | (Sirsi) u149373 |
| 041 0# - LANGUAGE CODE | |
| Language code of text/sound track or separate title | eng |
| 110 2# - MAIN ENTRY--CORPORATE NAME | |
| Corporate name or jurisdiction name as entry element | UK Green Building Council |
| 9 (RLIN) | 5440 |
| 245 00 - TITLE STATEMENT | |
| Title | Sustainable community infrastructure |
| Remainder of title | a joint report by the UK Green Building Council and the Zero Carbon Hub |
| Medium | [electronic resource] |
| 260 ## - PUBLICATION, DISTRIBUTION, ETC. | |
| Place of publication, distribution, etc. | London |
| Name of publisher, distributor, etc. | UKGBC |
| Date of publication, distribution, etc. | 2010 |
| 520 ## - SUMMARY, ETC. | |
| Summary, etc. | Final report from the Joint Task Group on Sustainable Community Infrastructure. Argues that carbon and cost savings alongside community benefits can be derived from community scale heating, water harvesting, waste disposal and waste re-use. Key recommendations include the development of sustainable option plans for local authorities and a possible requirement for public sector buildings to connect to existing or planned community heat networks. |
| 590 ## - LOCAL NOTE (RLIN) | |
| Local note | KA NTK |
| 651 #4 - SUBJECT ADDED ENTRY--GEOGRAPHIC NAME | |
| Geographic name | United Kingdom |
| Chronological subdivision | |
| 690 ## - LOCAL SUBJECT ADDED ENTRY--TOPICAL TERM (OCLC, RLIN) | |
| Topical term or geographic name as entry element | BUILT ENVIRONMENT-SUSTAINABLE CONSTRUCTION |
| 710 1# - ADDED ENTRY--CORPORATE NAME | |
| Corporate name or jurisdiction name as entry element | Zero Carbon Hub |
| 856 48 - ELECTRONIC LOCATION AND ACCESS | |
| Uniform Resource Identifier | <a href="https://www.ukgbc.org/site/document/download/?document_id=753">https://www.ukgbc.org/site/document/download/?document_id=753</a> |
| Public note | View the item free of charge at www.ukgbc.org |
| 942 ## - ADDED ENTRY ELEMENTS (KOHA) | |
| Suppress in OPAC | 0 |
| Withdrawn status | Lost status | Source of classification or shelving scheme | Damaged status | Not for loan | Home library | Current library | Shelving location | Date acquired | Total Checkouts | Full call number | Barcode | Date last seen | Copy number | Price effective from | Koha item type |
|---|---|---|---|---|---|---|---|---|---|---|---|---|---|---|---|
| Dewey Decimal Classification | Virtual | Virtual | Online | 25/02/2010 | ONLINE PUBLICATION | 149373-2001 | 06/08/2019 | 1 | 06/08/2019 | Book |